UBT Library

What did the Declaration declare? / (Record no. 42328)

000 -LEADER
fixed length control field 00818cam a2200241 a 4500
001 - CONTROL NUMBER
control field 150327
005 - DATE AND TIME OF LATEST TRANSACTION
control field 20180213032816.0
008 - FIXED-LENGTH DATA ELEMENTS--GENERAL INFORMATION
fixed length control field 980811s1999 maua b 000 0 eng
010 ## - LIBRARY OF CONGRESS CONTROL NUMBER
LC control number 98087528
020 ## - INTERNATIONAL STANDARD BOOK NUMBER
International Standard Book Number 0312190638
040 ## - CATALOGING SOURCE
Original cataloging agency DLC
Transcribing agency DLC
Modifying agency DLC
041 ## - LANGUAGE CODE
Language code of text/sound track or separate title eng
043 ## - GEOGRAPHIC AREA CODE
Geographic area code n-us---
080 ## - UNIVERSAL DECIMAL CLASSIFICATION NUMBER
Universal Decimal Classification number 973.313
082 00 - DEWEY DECIMAL CLASSIFICATION NUMBER
Classification number 973.313 ELL
Edition number 21
100 ## - Rafti
Rafti 16
101 ## - Shkurtesa
Shkurtesa HIS
245 00 - TITLE STATEMENT
Title What did the Declaration declare? /
Statement of responsibility, etc readings selected and introduced by Joseph J. Ellis.
504 ## - BIBLIOGRAPHY, ETC. NOTE
Bibliography, etc Includes bibliographical references (p. 109-110).
906 ## - LOCAL DATA ELEMENT F, LDF (RLIN)
a 7
b cbc
c orignew
d 2
e opcn
f 19
g y-gencatlg
942 ## - ADDED ENTRY ELEMENTS (KOHA)
Source of classification or shelving scheme
Item type Books
Holdings
Withdrawn status Lost status Source of classification or shelving scheme Damaged status Not for loan Collection code Permanent location Current location Shelving location Date acquired Total Checkouts Full call number Barcode Date last seen Price effective from Koha item type
          Koleksioni i përgjithshem UBT - Lipjan UBT - Lipjan Koleksioni i përgjithshem 02/13/2018   973.313 ELL 002-2998169 02/13/2018 02/13/2018 Books
UBT Library © 2015-2024. All rights reserved University Education for Business and Technology